1348 1664 1649 1018 1298 1447 1516 1062 1913 1170 1346 1939 1702 1219 1133 1929 1963 1611 1320 1735 1605 1348 1744 1633 1134 1870 1835 1184 1952 1991 1584 1566 1512 1157 1806 1450 1073 1531 1210 1473 1969 1826 1151 1339 1415 1188 1249 1546 1931 1593 1596 1147 1842 1486 1843 1397 1301 1614 1233 1556 1282 1647 1498 1292 1896 1164 1928 1160 1990 1822 1604 1644 1441 1358 1210 1322 1659 1024 1161 1585 1201 1549 1061 1900 1354 1884 1939 1865 1786 1053 1137 1489 1344 1953 1830 1563 1287 1160 1821 BCNSPRNW ULIB Ver.6.0+V

เปลี่ยนเป็นภาษาไทย

Change to English
 แสดงรายละเอียดบรรณานุกรม
  กลับหน้าหลัก

Brief Record : Get Marc (ISO 2709) : E-mail record : QR code < ปิดหน้าต่าง
LEADER : 00000nam 2200000uu 4500
001    13399127926
003     ULIB
008    211108s2564||||th 000 0 tha d
020    ^a9786165658362^c350
060  4 ^aWT120^bป622ก
100 0  ^aปิยากร หวังมหาพร
245 10 ^aการจัดบริการสาธารณะแบบร่วมผลิต :^bกรณีการดูแลผู้สูงอายุผ่านอาสาสมัคร = Public service management through co-production : a case of caring for the elderly by voluntary workers /^cปิยากร หวังมหาพร
246 31 ^aPublic service management through co-production : a case of caring for the elderly by voluntary workers
260    ^aกรุงเทพฯ :^bโอ. เอส. พริ้นติ้ง เฮ้าส์,^c2564
300    ^a412 หน้า :^bภาพประกอบ
650  4 ^aผู้สูงอายุ^xการดูแล
650  4 ^aผู้สูงอายุ^xบริการทางการแพทย์
650  4 ^aอาสาสมัครในงานบริการอนามัยชุมชน
650  4 ^aผู้สูงอายุอาสาสมัคร
650  4 ^aบริการสาธารณะ
945    ^p350^l0^i29122
945    ^p350^l0^i29123
945    ^p350^l0^i29124
945    ^p350^l0^i29125
945    ^p350^l0^i29126
999    ^aกัณชพร จุลอักษร
รายการนี้ยังไม่มีแท็ก
คุณยังไม่ได้ล็อกอิน คุณสามารถมีกิจกรรมร่วมกับเว็บไซต์ได้ แต่ต้องล็อกอินก่อน ::
  ล็อกอิน

รายการสื่อสารสนเทศ

ลำดับที่ ประเภท เลขเรียก/บาร์โค้ด สถานที่ สถานะ
1. หนังสือสำรอง
หนังสือสำรอง
WT120 ป622ก ฉ.1 
  Barcode: 29122
ห้องสมุดวิทยาเขตนครสวรรค์
►หนังสือทั่วไป:l:General Books
บนชั้น
2. วิทยาศาสตร์การแพทย์ และสุขภาพ
วิทยาศาสตร์การแพทย์ และสุขภาพ
WT120 ป622ก ฉ.2 
  Barcode: 29123
ห้องสมุดวิทยาเขตนครสวรรค์
►หนังสือทั่วไป:l:General Books
บนชั้น
3. วิทยาศาสตร์การแพทย์ และสุขภาพ
วิทยาศาสตร์การแพทย์ และสุขภาพ
WT120 ป622ก ฉ.3 
  Barcode: 29124
ห้องสมุดวิทยาเขตนครสวรรค์
►หนังสือทั่วไป:l:General Books
บนชั้น
4. วิทยาศาสตร์การแพทย์ และสุขภาพ
วิทยาศาสตร์การแพทย์ และสุขภาพ
WT120 ป622ก ฉ.4 
  Barcode: 29125
ห้องสมุดวิทยาเขตนครสวรรค์
►หนังสือทั่วไป:l:General Books
บนชั้น
5. วิทยาศาสตร์การแพทย์ และสุขภาพ
วิทยาศาสตร์การแพทย์ และสุขภาพ
WT120 ป622ก ฉ.5 
  Barcode: 29126
ห้องสมุดวิทยาเขตนครสวรรค์
►หนังสือทั่วไป:l:General Books
บนชั้น

รายการใกล้เคียง
    ผู้แต่ง [ปิยากร หวังมหาพร]

    หัวเรื่อง [ผู้สูงอายุ การดูแล]
    หัวเรื่อง [อาสาสมัครในงานบริการอนามัยชุมชน]
    หัวเรื่อง [ผู้สูงอายุอาสาสมัคร]
    หัวเรื่อง [บริการสาธารณะ]

BibComment


ยังไม่เคยถูกคอมเมนท์

คอมเมนท์ทรัพยากรรายการนี้
  คอมเมนท์: การจัดบริการสาธา..


 Copyright 2026. Bcnsprnw @Library